000 00217 a2200097 4500
001 14880
100 _aKnapp W
245 _aA history of war & peace
260 _aLondon
_bOxford Univ press
_c
090 _c11649
_d11649
942 _aNUST-CAE
_cM
_c1835
999 _c249953
_d249953